000 00769cam a22002291 4500
001 gs 04000001
003 DLC
005 20260227111259.0
008 780210s1839 kyu 000 0 eng c
010 _ags 04000001
035 _a(OCoLC)3625955
040 _aU.S. Geol. Survey. Libr.
_cNRU
_dDLC
042 _apremarc
050 0 0 _aQE115
_b.M27
100 1 _aMather, W. W.
_q(William Williams),
_d1804-1859.
245 0 0 _aReport on the geologial reconnoissance of Kentucky,
_bmade in 1838.
_cBy W. W. Mather, geologist and mining engineer.
260 _a[Frankfort,
_c1839]
300 _a40 p.
_c25 cm.
500 _aCaption title.
500 _aReport is addressed to the governor and was laid before the House of Representatives.
650 0 _aGeology
_zKentucky.
999 _c24081
_d24081